| 000 | 01597nam a2200289Ia 4500 | ||
|---|---|---|---|
| 999 |
_c55946 _d55946 |
||
| 001 | 23045 | ||
| 003 | GE_BSU | ||
| 005 | 20230629162518.0 | ||
| 008 | 181216s1949||||ge |||||||||||||| ||geo|| | ||
| 040 | _cGE_BSU | ||
| 041 | _ageo | ||
| 080 | _a821.14'01.09 ყ-36 | ||
| 100 |
_aყაუხჩიშვილი, სიმონ _91490 |
||
| 245 |
_aბერძნული ლიტერატურის ისტორია. ტ. 2 : _bელინისტური პერიოდი.ბიზანტიური პერიოდი / _cსიმონ ყაუხჩიშვილი ; რედ. პ. ბერაძე. |
||
| 264 |
_aთბილისი : _bუნ-ტის გამ-ბა, _c1949. |
||
| 300 |
_aXI, 495 გვ. ; _e20 სმ |
||
| 500 | _aპარალელური თავფურცელი რუსულ ენაზე . | ||
| 500 | _a საკუთარ სახელთა საძიებელი : გვ. 474-95 | ||
| 504 | _aბიბლიოგრაფია ბიბლიოგრაფია ტექსტის შენიშვნებში | ||
| 541 | _h1ლ.90თ. | ||
| 653 | _aბერძნული ლიტერატურა | ||
| 653 | _aბერძნული ლიტერატურის ისტორია | ||
| 653 | _aბერძნული ლიტერატურის ისტორია. ტ. 2 | ||
| 653 | _aბიზანტიური პერიოდი | ||
| 700 |
_aბერაძე, პ. _eრედაქტორი _916056 |
||
| 942 |
_cBK _2udc |
||